00985nam a2200253 a 450000100100000000500170001000800410002702000150006804000250008308200150010810000440012324501110016726000290027830000210030749000360032850000430036450000410040759000260044870000430047470000400051783000440055795201130060199900170071400003668920200930075856.0120125s1982 sp r 001 0 spa d a8424903145 aDO-SdBNPbspacBNPHU axxxxbJ54a1 aJenofonte,d434?-355 a. de J. C.96297210aAnábasis /cJenofonte; introducción Carlos García Gual ; traducción y notas Ramón Bach Pellicer. aMadrid :bGredos,c1982. a305 p. ;c19 cm.1 aBiblioteca clásica Gredosv52 aIncluye notas al pie de las páginas. aincluye índice de nombres propios. aInventariado, 2019/BT1 aGarcía Gual, Carlos,eintrod.9219091 aBach Pellicer, Ramón,etr.962978 0aBiblioteca clásica Gredos;n52962979 001050718MOaGRbGRcHDd2012-01-25iLF1l0oxxxx J54ap36689-10r2020-06-25w2020-06-25y1ZNo se presta c36180d36180